000 01591 a2200217 4500
001 28194
005 20260407155554.0
008 260407a1943 arg spa d
003 AR-UNSa-BCEJYS
040 _aAR-UNSa-BCEJYS
_bspa
_cAR-UNSa-BCEJYS
080 _a657
_xContabilidad
245 1 0 _aCurso de contabilidad
_pIntermedia
264 1 _aMéxico :
_bUnión Tipográfica Editorial Hispano-Americana (UTEHA)
_c1943
300 _a3 v. (576; 232; 442 p.)
_c23 cm.
505 _aVol. IV: 1. Procesos fundamentales de la contabilidad - 2. Borradores - 3. Estados - 4. Sociedades anónimas - 5. Sociedades anónimas - 6. Sociedades anónimas - 7. Sociedades anónimas - 8. Matemáticas finacieras - 9.Matemáticas finacieras - 10. Efectivo.Cuentas a cobrar.Vencimiento promedio - 11. Efectos a cobrar.Intereses simple - 12. Inventarios - 13. Consiganciones - 14. Ventas a plazos - 15. Ventas fijo tangible - 16.Ventas fijo tangible - 17. Ventas fijo tangible - 18. Ventas fijo tangible - 19. Inversiones - 20. Inversiones - 21. Pasivo - 22. Fondos y reservas - 23. Fondos y reservas - 24. Rectificación - 25. Estados comparativos - 26. El análisis del capital circulante - 27. Proporciones varias - 28. Análisis de las ganancias y perdidas - 29.Estado de aplicación de fondos - 30.Estado de aplicación de fondos - Vol.V: Materias de practica, preguntas y problemas - Vol. VI: Respuestas a las preguntas y soluciones de los problemas
041 _aspa
942 _cBK
590 _aniveau_biblio:m niveau_hierar:0
100 1 _aFernández Cepero, Manuel de J.
700 1 _aFinney, H.A.
999 _c1668
_d1668